000 00268nam a22000977a 4500
008 230607b |||||||| |||| 00| 0 eng d
020 _a9780008164706
100 _aWALLIAMS DAVID
_97684
245 _aTHE ICE MONSTER
260 _aLONDON
_bHARPER COLLINS CHILDREN'S BOOK
_c2018
999 _c12318
_d12318